Camilo Torres Tenorio / (Registro nro. 6915)
[ vista simple ]
| 000 -LEADER | |
|---|---|
| fixed length control field | 01225cam a2200265 a 4500 |
| 003 - CONTROL NUMBER IDENTIFIER | |
| control field | OSt |
| 005 - DATE AND TIME OF LATEST TRANSACTION | |
| control field | 20201014161424.0 |
| 008 - FIXED-LENGTH DATA ELEMENTS--GENERAL INFORMATION | |
| fixed length control field | 040310s2003 ck a r 001 0bspa d |
| 020 ## - INTERNATIONAL STANDARD BOOK NUMBER | |
| International Standard Book Number | 9588040329 |
| 040 ## - CATALOGING SOURCE | |
| Original cataloging agency | CO-BoPUV |
| Transcribing agency | CO-JMCR |
| 041 0# - LANGUAGE CODE | |
| Language code of text/sound track or separate title | spa |
| 082 04 - DEWEY DECIMAL CLASSIFICATION NUMBER | |
| Classification number | 986.102092 / |
| Item number | C355c |
| Edition number | 23 |
| 100 1# - MAIN ENTRY--PERSONAL NAME | |
| Personal name | Castrillón Arboleda, Diego |
| Relator term | autor |
| 9 (RLIN) | 11534 |
| 245 10 - TITLE STATEMENT | |
| Title | Camilo Torres Tenorio / |
| Statement of responsibility, etc. | Diego Castrillón Arboleda |
| 260 ## - PUBLICATION, DISTRIBUTION, ETC. | |
| Place of publication, distribution, etc. | Bogotá : |
| Name of publisher, distributor, etc. | Academia Colombiana de Historia, |
| Date of publication, distribution, etc. | 2003. |
| 300 ## - PHYSICAL DESCRIPTION | |
| Extent | 53 páginas : |
| Other physical details | ilustraciones a blanco y negro ; |
| Dimensions | 17 cm. |
| 490 ## - SERIES STATEMENT | |
| Series statement | Colección bolsilibros (Academia Colombiana de Historia) ; |
| Volume/sequential designation | 53 |
| 500 ## - GENERAL NOTE | |
| General note | Datos biográficos del autor en tapa posterior. |
| 504 ## - BIBLIOGRAPHY, ETC. NOTE | |
| Bibliography, etc. note | Incluye referencias bibliográficas e índice. |
| 505 0# - FORMATTED CONTENTS NOTE | |
| Formatted contents note | Palabras liminares -- Antecedentes históricos -- El medio cultural -- Sus antecedentes familiares y su formación profesional -- El "Memorial agravios" -- El gran caudillo de la revolución emancipadora -- Gérmenes funestos de la división entre hermanos |
| 600 14 - SUBJECT ADDED ENTRY--PERSONAL NAME | |
| Personal name | Torres Tenorio, Camilo Clemente |
| Dates associated with a name | 1766-1816 |
| 9 (RLIN) | 11535 |
| 650 24 - SUBJECT ADDED ENTRY--TOPICAL TERM | |
| Topical term or geographic name entry element | Torres, Camilo, |
| Chronological subdivision | 1766-1816. |
| 9 (RLIN) | 11536 |
| 650 24 - SUBJECT ADDED ENTRY--TOPICAL TERM | |
| Topical term or geographic name entry element | Colombia |
| General subdivision | Historia |
| Chronological subdivision | Hasta 1810. |
| 9 (RLIN) | 11537 |
| 942 ## - ADDED ENTRY ELEMENTS (KOHA) | |
| Source of classification or shelving scheme | Dewey Decimal Classification |
| Koha item type | Books |
| Withdrawn status | Lost status | Source of classification or shelving scheme | Damaged status | Not for loan | Home library | Current library | Shelving location | Date acquired | Source of acquisition | Total Checkouts | Full call number | Barcode | Date last seen | Date last checked out | Copy number | Price effective from | Koha item type |
|---|---|---|---|---|---|---|---|---|---|---|---|---|---|---|---|---|---|
| Dewey Decimal Classification | Biblioteca Pública José María del Castillo y Rada | Biblioteca Pública José María del Castillo y Rada | General Stacks | 04/15/2018 | Donación | 1 | 986.102092 / C355c | 201810071 | 06/09/2025 | 06/06/2025 | Ej.1 | 04/15/2018 | Books |